[Event "34th National Chess Championship-2008"]
[Site "?"]
[Date "2008.04.30"]
[Round "10"]
[White "Hossain Monir"]
[Black "Mohammed Abdul Malek"]
[Result "0-1"]
[WhiteElo "2196"]
[BlackElo "2308"]
[PlyCount "78"]
[EventDate "2008.04.21"]
[SourceDate "2008.04.30"]

1. Nf3 Nf6 2. g3 d5 3. Bg2 c5 4. O-O Nc6 5. d3 Bg4 6. h3 Bh5 7. Nbd2 e6 8. e4
dxe4 9. dxe4 Be7 10. Re1 e5 11. c3 O-O 12. Qe2 Qc7 13. Nf1 Nd8 14. Qc2 Ne6 15.
Nxe5 Qxe5 16. f4 Qc7 17. e5 Nd7 18. g4 Bg6 19. f5 Nxe5 20. fxg6 Nxg6 21. Ne3
Qg3 22. Rd1 Nef4 23. Nf5 Nxh3+ 24. Kf1 Qh2 25. Nxe7+ Nxe7 26. Be3 Ng6 27. Rd2
Qg3 28. Bxc5 Qf4+ 29. Bf2 Nxf2 30. Rxf2 Qxg4 31. Bxb7 Rad8 32. Qe4 Qh3+ 33. Kg1
Rd6 34. Rh2 Qd7 35. Qf3 Rd3 36. Qh5 h6 37. Be4 Rg3+ 38. Kh1 f5 39. Rd1 fxe4 0-1

[Event "34th National Chess Championship-2008"]
[Site "?"]
[Date "2008.04.30"]
[Round "10"]
[White "Mohammad Javed"]
[Black "Hossain Enamul"]
[Result "1/2-1/2"]
[WhiteElo "2302"]
[BlackElo "2484"]
[PlyCount "38"]
[EventDate "2008.04.21"]
[SourceDate "2008.04.30"]

1. e4 c5 2. c3 Nf6 3. e5 Nd5 4. d4 cxd4 5. Nf3 Nc6 6. cxd4 d6 7. Bc4 e6 8. O-O
Be7 9. a3 O-O 10. Qe2 Bd7 11. Qe4 Na5 12. Bd3 f5 13. exf6 Nxf6 14. Qe3 Nd5 15.
Qe4 Nf6 16. Qe3 h6 17. Nbd2 Nd5 18. Qe4 Nf6 19. Qe3 Nd5 1/2-1/2

[Event "34th National Chess Championship-2008"]
[Site "?"]
[Date "2008.04.30"]
[Round "10"]
[White "Rahman Syed Mahfuzur"]
[Black "Abu Sufian Shakil"]
[Result "0-1"]
[WhiteElo "2309"]
[BlackElo "2407"]
[PlyCount "60"]
[EventDate "2008.04.21"]
[SourceDate "2008.04.30"]

1. e4 c5 2. Nf3 d6 3. d4 cxd4 4. Nxd4 Nf6 5. Nc3 g6 6. Be3 Bg7 7. f3 Nc6 8. Bc4
O-O 9. Qd2 Bd7 10. O-O-O Ne5 11. Bb3 Rc8 12. h4 h5 13. Bg5 Rc5 14. Kb1 b5 15.
g4 hxg4 16. h5 Nxh5 17. Nd5 Rxd5 18. Bxd5 gxf3 19. Rdg1 Bg4 20. Nf5 gxf5 21.
Rxh5 Bxh5 22. Bh6 Bg6 23. exf5 Qb6 24. Rh1 Ng4 25. Bxg7 Kxg7 26. Qc3+ Ne5 27.
fxg6 fxg6 28. Qd2 Rh8 29. Rf1 Rh5 30. a3 Qc5 0-1

[Event "34th National Chess Championship-2008"]
[Site "?"]
[Date "2008.05.02"]
[Round "11"]
[White "Abu Sufian Shakil"]
[Black "Reefat Bin Sattar"]
[Result "1-0"]
[WhiteElo "2407"]
[BlackElo "2487"]
[PlyCount "85"]
[EventDate "2008.04.21"]
[SourceDate "2008.05.02"]

1. e4 e6 2. d4 d5 3. Nc3 Nf6 4. e5 Nfd7 5. f4 c5 6. Nf3 Nc6 7. Be3 Be7 8. Qd2
O-O 9. dxc5 Bxc5 10. Nd4 Nxd4 11. Bxd4 a6 12. O-O-O b5 13. h4 b4 14. Na4 Bxd4
15. Qxd4 Qa5 16. b3 Bb7 17. Kb1 Rac8 18. Bd3 Bc6 19. Nb2 Rc7 20. f5 Qc5 21. Qf4
f6 22. fxe6 Nxe5 23. h5 Be8 24. Rc1 Qd6 25. Bf5 Nc4 26. Qxd6 Nxd6 27. Bd3 a5
28. g4 Bc6 29. c3 bxc3 30. Rxc3 d4 31. Rc5 Rfc8 32. Rhc1 Ne4 33. Rxa5 Kf8 34.
Nc4 Nf2 35. Bxh7 Ke7 36. Kb2 Rd8 37. Rf1 Ne4 38. Bxe4 Bxe4 39. Re1 Bf3 40. Kc2
Bxg4 41. Kd3 Bf3 42. Rb5 f5 43. Rxf5 1-0

[Event "34th National Chess Championship-2008"]
[Site "?"]
[Date "2008.05.02"]
[Round "11"]
[White "Hossain Enamul"]
[Black "Rahman Syed Mahfuzur"]
[Result "1-0"]
[WhiteElo "2484"]
[BlackElo "2309"]
[PlyCount "59"]
[EventDate "2008.04.21"]
[SourceDate "2008.05.02"]

1. e4 c5 2. Nf3 d6 3. d4 cxd4 4. Nxd4 Nf6 5. Nc3 a6 6. Bg5 e6 7. f4 Be7 8. Qf3
Qc7 9. O-O-O b5 10. e5 Bb7 11. Qg3 dxe5 12. fxe5 Nh5 13. Qh4 b4 14. Ndb5 axb5
15. Nxb5 Qc5 16. Bxe7 Qxe7 17. Nd6+ Kf8 18. Qxh5 Bd5 19. Bd3 Rxa2 20. Rhf1 Ra1+
21. Kd2 Rxd1+ 22. Kxd1 f6 23. exf6 gxf6 24. Qh6+ Kg8 25. Rxf6 Qg7 26. Qh4 Nc6
27. Ne8 Qxg2 28. Rf2 Qg1+ 29. Rf1 Qg2 30. Qf6 1-0

[Event "34th National Chess Championship-2008"]
[Site "?"]
[Date "2008.05.02"]
[Round "11"]
[White "Mohammed Abdul Malek"]
[Black "Mohammad Javed"]
[Result "0-1"]
[WhiteElo "2308"]
[BlackElo "2302"]
[PlyCount "90"]
[EventDate "2008.04.21"]
[SourceDate "2008.05.02"]

1. d4 Nf6 2. Nf3 e6 3. e3 c5 4. Bd3 cxd4 5. exd4 b6 6. O-O Bb7 7. Bg5 Be7 8.
Nbd2 O-O 9. Qe2 d5 10. c3 Nbd7 11. Rae1 Re8 12. Ne5 Nxe5 13. dxe5 Nd7 14. Be3
Nxe5 15. Bb5 Bc6 16. f4 Bxb5 17. Qxb5 Ng4 18. Bd4 Bf6 19. Nf3 Bxd4+ 20. cxd4
Rc8 21. h3 Nf6 22. Rc1 Re7 23. Ne5 Rec7 24. Rc6 g6 25. Rfc1 Kg7 26. b4 Nh5 27.
Qf1 Rxc6 28. Rxc6 Rxc6 29. Nxc6 Qc7 30. b5 Nxf4 31. Qf3 Nh5 32. g4 Nf6 33. g5
Ne4 34. h4 a6 35. a4 axb5 36. axb5 h6 37. gxh6+ Kxh6 38. Kg2 Kg7 39. Kh3 Qd6
40. Ne5 f6 41. Ng4 Qc7 42. Ne3 Qc3 43. Qf4 e5 44. dxe5 fxe5 45. Qf3 d4 0-1

[Event "34th National Chess Championship-2008"]
[Site "?"]
[Date "2008.05.02"]
[Round "11"]
[White "Rahman Ziaur"]
[Black "Chatterjee Debaraj"]
[Result "1-0"]
[WhiteElo "2511"]
[BlackElo "2236"]
[PlyCount "69"]
[EventDate "2008.04.21"]
[SourceDate "2008.05.02"]

1. d4 Nf6 2. Bg5 c5 3. Bxf6 gxf6 4. d5 Qb6 5. Qc1 f5 6. c4 Bg7 7. Nc3 Qa5 8. e3
Bxc3+ 9. bxc3 d6 10. Bd3 Nd7 11. Ne2 Qa4 12. Bxf5 Qxc4 13. Qd2 Ne5 14. Bxc8
Rxc8 15. O-O Rg8 16. f3 b5 17. Rab1 a5 18. e4 b4 19. Kh1 Rb8 20. Ng3 Kd7 21.
cxb4 axb4 22. f4 Qd3 23. Qc1 Ng4 24. Rf3 Qd4 25. Qc2 Ra8 26. Nf5 Qf6 27. h3 Nh6
28. Nxh6 Qxh6 29. Rxb4 Qf6 30. Rb7+ Ke8 31. Qb1 Rd8 32. Rb8 e6 33. Rxd8+ Qxd8
34. Rb3 Ke7 35. Qb2 1-0

[Event "34th National Chess Championship-2008"]
[Site "?"]
[Date "2008.05.02"]
[Round "11"]
[White "Abdullah Al Rakib"]
[Black "Minhazuddin Ahmed"]
[Result "1/2-1/2"]
[WhiteElo "2514"]
[BlackElo "2325"]
[PlyCount "88"]
[EventDate "2008.04.21"]
[SourceDate "2008.05.02"]

1. d4 d5 2. e3 Bf5 3. Bd3 Bxd3 4. Qxd3 e6 5. Qb3 b6 6. Nf3 c6 7. c4 Bd6 8. Nc3
Nf6 9. Bd2 O-O 10. O-O Qe7 11. Rfc1 Nbd7 12. cxd5 exd5 13. Rc2 Rad8 14. a4 Nb8
15. a5 b5 16. Be1 Rfe8 17. Na2 Ne4 18. Nb4 Qf6 19. Rac1 Re6 20. Nd3 Qh6 21.
Nde5 Ng5 22. Nxg5 Qxg5 23. Nxc6 Bxh2+ 24. Kf1 Nxc6 25. Rxc6 h5 26. Rc8 a6 27.
Rxd8+ Qxd8 28. Rc5 Rd6 29. Qc2 Qf6 30. Rc8+ Rd8 31. Rxd8+ Qxd8 32. g3 Bxg3 33.
fxg3 Qf6+ 34. Kg2 g5 35. Qc7 g4 36. Qf4 Qxf4 37. exf4 f5 38. Bb4 Kf7 39. Kf2
Ke6 40. Ke2 Kd7 41. Kd3 Ke6 42. Kc2 Kd7 43. Kb3 Ke6 44. Be1 Kd6 1/2-1/2

[Event "34th National Chess Championship-2008"]
[Site "?"]
[Date "2008.05.03"]
[Round "12"]
[White "Minhazuddin Ahmed"]
[Black "Ahmed Sk. Nasir"]
[Result "1/2-1/2"]
[WhiteElo "2325"]
[BlackElo "2315"]
[PlyCount "58"]
[EventDate "2008.04.21"]
[SourceDate "2008.05.03"]

1. e4 c5 2. Nf3 d6 3. d4 cxd4 4. Nxd4 Nf6 5. Nc3 e6 6. Be2 a6 7. f4 Be7 8. O-O
O-O 9. Kh1 Qc7 10. a4 Nc6 11. Be3 Bd7 12. Qe1 Nxd4 13. Bxd4 Bc6 14. Qg3 Qa5 15.
f5 Qb4 16. Rad1 e5 17. Be3 Kh8 18. Bg5 Bxe4 19. Bxf6 gxf6 20. Qg4 d5 21. Nxd5
Bxd5 22. Rxd5 Qxb2 23. Rd7 Qb4 24. Qxb4 Bxb4 25. Rxb7 a5 26. Rd1 Rab8 27. Rxb8
Rxb8 28. Bc4 Rb7 29. Rd8+ Kg7 1/2-1/2

[Event "34th National Chess Championship-2008"]
[Site "?"]
[Date "2008.05.03"]
[Round "12"]
[White "Chatterjee Debaraj"]
[Black "Abdullah Al Rakib"]
[Result "0-1"]
[WhiteElo "2236"]
[BlackElo "2514"]
[PlyCount "116"]
[EventDate "2008.04.21"]
[SourceDate "2008.05.03"]

1. d4 Nf6 2. c4 c5 3. d5 e5 4. Nc3 d6 5. e4 Be7 6. f4 exf4 7. Bxf4 Ng4 8. Qd2
f6 9. O-O-O a6 10. Nf3 O-O 11. h3 Ne5 12. Be2 b5 13. cxb5 axb5 14. Bxb5 Ba6 15.
Bxa6 Nxa6 16. Nxe5 fxe5 17. Be3 Qb6 18. Qe2 Rfb8 19. Rd2 Qb7 20. Rf1 Qd7 21.
Qg4 Qxg4 22. hxg4 h6 23. a3 Nc7 24. Rdf2 Ne8 25. Rf3 Rb7 26. Kc2 Rab8 27. Rb1
Bd8 28. Bd2 Ba5 29. g5 hxg5 30. Bxg5 Bxc3 31. Rxc3 Nc7 32. Rh3 Nb5 33. Rbh1
Nd4+ 34. Kc1 Rxb2 35. Rh8+ Kf7 36. Rf1+ Kg6 37. Rxb8 Rxb8 38. Be7 Rb6 39. Rf8
Ra6 40. Rd8 Nb5 41. a4 Rxa4 42. Bxd6 Rxe4 43. Bf8 c4 44. d6 Rd4 45. Rb8 Nc3 46.
Rb7 Ne2+ 47. Kc2 c3 48. Rxg7+ Kf6 49. Rc7 Rd2+ 50. Kb1 Ke6 51. Rc8 Kf7 52. Bh6
Rxd6 53. Bf8 Rd1+ 54. Kc2 Rd2+ 55. Kb1 c2+ 56. Rxc2 Rxc2 57. Kxc2 Kxf8 58. Kd3
Ng3 0-1

[Event "34th National Chess Championship-2008"]
[Site "?"]
[Date "2008.05.03"]
[Round "12"]
[White "Hossain Monir"]
[Black "Rahman Ziaur"]
[Result "0-1"]
[WhiteElo "2196"]
[BlackElo "2511"]
[PlyCount "50"]
[EventDate "2008.04.21"]
[SourceDate "2008.05.03"]

1. d4 d6 2. c4 e5 3. dxe5 dxe5 4. Qxd8+ Kxd8 5. Nc3 Be6 6. Nf3 f6 7. e4 Nd7 8.
Nd5 c6 9. Ne3 Bb4+ 10. Bd2 a5 11. O-O-O Ne7 12. Be2 Kc7 13. Ne1 Nc5 14. f3 h5
15. N1c2 Bxd2+ 16. Rxd2 h4 17. Rhd1 Ng6 18. b3 Nf4 19. Bf1 g6 20. Kb2 f5 21.
exf5 gxf5 22. Kc3 Rae8 23. Ne1 Bc8 24. Bd3 e4 25. fxe4 Nfxd3 0-1

[Event "34th National Chess Championship-2008"]
[Site "?"]
[Date "2008.05.03"]
[Round "12"]
[White "Mohammad Javed"]
[Black "Chowdhury Sohel"]
[Result "0-1"]
[WhiteElo "2302"]
[BlackElo "2190"]
[PlyCount "138"]
[EventDate "2008.04.21"]
[SourceDate "2008.05.03"]

1. e4 e5 2. Nf3 Nc6 3. Bb5 a6 4. Ba4 Nf6 5. Qe2 Be7 6. c3 b5 7. Bb3 d6 8. a4
Rb8 9. d3 O-O 10. O-O Na5 11. Bc2 c5 12. d4 Bg4 13. d5 h6 14. Nbd2 Re8 15. h3
Bd7 16. Re1 Qc7 17. Nf1 c4 18. axb5 axb5 19. Ng3 Nb7 20. Nh4 Nc5 21. Ngf5 Bf8
22. Qf3 Qd8 23. g4 Nh7 24. Qg3 Qf6 25. Kh2 g6 26. Ne3 Ng5 27. Neg2 Bg7 28. Bxg5
hxg5 29. Nf3 Ra8 30. Nd2 Qe7 31. Qe3 Bf6 32. Nf3 Kg7 33. Kg3 Rh8 34. Rh1 Rxa1
35. Rxa1 Qd8 36. Ra7 Qb8 37. Ra2 Qd8 38. Qc1 Be7 39. Ra7 Rf8 40. Ne3 Qb8 41.
Ra1 Qc8 42. Qd2 Rh8 43. Ra7 Bf6 44. Ng2 Rxh3+ 45. Kxh3 Bxg4+ 46. Kg3 Bxf3 47.
Kxf3 Qh3+ 48. Ke2 Qxg2 49. Qe3 g4 50. Ra8 Qh1 51. Ra5 Qh5 52. Kf1 Bg5 53. Qg3
Bh4 54. Qe3 f5 55. exf5 gxf5 56. Rxb5 f4 57. Qe2 f3 58. Qxc4 Bg5 59. Kg1 Bf4
60. Rb7+ Nxb7 61. Qc7+ Kf6 62. Qh7 Qxh7 63. Bxh7 Kg5 64. Bc2 Bd2 65. Ba4 Kf4
66. Kf1 e4 67. Bd7 e3 68. fxe3+ Bxe3 69. Bc8 g3 0-1

[Event "34th National Chess Championship-2008"]
[Site "?"]
[Date "2008.05.03"]
[Round "12"]
[White "Rahman Syed Mahfuzur"]
[Black "Mohammed Abdul Malek"]
[Result "1-0"]
[WhiteElo "2309"]
[BlackElo "2308"]
[PlyCount "89"]
[EventDate "2008.04.21"]
[SourceDate "2008.05.03"]

1. e4 d5 2. exd5 Qxd5 3. Nc3 Qd6 4. d4 Nf6 5. Nf3 a6 6. Be2 Bf5 7. Nh4 Bd7 8.
O-O Nc6 9. Be3 O-O-O 10. Qd2 e5 11. d5 Ne7 12. Rad1 Bg4 13. Ne4 Nxe4 14. Bxg4+
Kb8 15. Qd3 Nf6 16. Be2 Qb4 17. Qb3 Qxb3 18. axb3 Rxd5 19. Bc4 Rxd1 20. Rxd1
Nc6 21. h3 g6 22. Nf3 Bd6 23. Bxf7 Nh5 24. c3 Rf8 25. Bd5 Nf4 26. Bxc6 bxc6 27.
Ng5 Nd5 28. Nxh7 Rf5 29. g4 Rf3 30. Ng5 Rf8 31. Kg2 Nxe3+ 32. fxe3 Kc8 33. Ne4
Kd7 34. Ra1 Ra8 35. b4 Be7 36. Kf3 Rf8+ 37. Kg3 Ra8 38. h4 Ke6 39. Nd2 Rd8 40.
Nb3 Rd3 41. Kf3 Kd5 42. Ke2 e4 43. Ra5+ Ke6 44. Nd4+ Kd7 45. Re5 1-0

[Event "34th National Chess Championship-2008"]
[Site "?"]
[Date "2008.05.03"]
[Round "12"]
[White "Abu Sufian Shakil"]
[Black "Hossain Enamul"]
[Result "0-1"]
[WhiteElo "2407"]
[BlackElo "2484"]
[PlyCount "60"]
[EventDate "2008.04.21"]
[SourceDate "2008.05.03"]

1. e4 c5 2. Nf3 e6 3. d4 cxd4 4. Nxd4 a6 5. Nc3 Qc7 6. Bd3 Nf6 7. O-O Nc6 8.
Be3 Ne5 9. h3 Bc5 10. Qe2 Ng6 11. Nb3 Bxe3 12. Qxe3 O-O 13. f4 d6 14. a4 e5 15.
f5 Ne7 16. Rae1 Re8 17. Qf3 Bd7 18. g4 d5 19. exd5 Nexd5 20. Nxd5 Nxd5 21. Qxd5
e4 22. Bxe4 Qg3+ 23. Bg2 Rxe1 24. Qxd7 Rae8 25. Qd2 R1e2 26. Qd5 Rxc2 27. Qf3
Qe5 28. Rb1 h6 29. Qd5 Qg3 30. Qf3 Re3 0-1

[Event "34th National Chess Championship-2008"]
[Site "?"]
[Date "2008.05.04"]
[Round "13"]
[White "Hossain Enamul"]
[Black "Reefat Bin Sattar"]
[Result "1-0"]
[WhiteElo "2484"]
[BlackElo "2487"]
[PlyCount "81"]
[EventDate "2008.04.21"]
[SourceDate "2008.05.04"]

1. e4 e6 2. d4 d5 3. Nc3 Nf6 4. e5 Nfd7 5. f4 c5 6. Nf3 Nc6 7. Be3 Be7 8. Qd2
O-O 9. dxc5 Bxc5 10. O-O-O Qa5 11. Bxc5 Nxc5 12. h4 Bd7 13. Rh3 Rac8 14. Kb1 a6
15. h5 b5 16. f5 Ne4 17. Nxe4 dxe4 18. Qxa5 Nxa5 19. Rxd7 exf3 20. gxf3 Rcd8
21. fxe6 fxe6 22. Rxd8 Rxd8 23. Kc1 Rd4 24. Rh1 Nc6 25. Bh3 Kf7 26. Re1 Rh4 27.
Bg4 Nb4 28. a3 Nd5 29. Re4 Rh1+ 30. Kd2 Rh2+ 31. Kd3 g6 32. hxg6+ hxg6 33. b3
Ke7 34. c4 bxc4+ 35. bxc4 Nb6 36. Kc3 Nd7 37. c5 Nxc5 38. Rc4 Nd7 39. Rc6 Rh4
40. Rxa6 g5 41. Kd4 1-0

[Event "34th National Chess Championship-2008"]
[Site "?"]
[Date "2008.05.04"]
[Round "13"]
[White "Chowdhury Sohel"]
[Black "Rahman Syed Mahfuzur"]
[Result "0-1"]
[WhiteElo "2190"]
[BlackElo "2309"]
[PlyCount "70"]
[EventDate "2008.04.21"]
[SourceDate "2008.05.04"]

1. e4 c5 2. Nc3 Nc6 3. g3 g6 4. Bg2 Bg7 5. d3 d6 6. f4 Nf6 7. Nf3 Bg4 8. h3
Bxf3 9. Qxf3 O-O 10. O-O Rb8 11. Be3 Nd4 12. Qf2 Nd7 13. f5 b5 14. g4 b4 15.
Nd1 a5 16. Rc1 a4 17. c3 Nc6 18. Qd2 Qa5 19. Bh6 Nde5 20. Bxg7 Kxg7 21. Ne3 a3
22. bxa3 bxc3 23. Rxc3 Nd4 24. Nd5 e6 25. f6+ Kh8 26. Qh6 Rg8 27. Kh2 exd5 28.
Rcc1 dxe4 29. dxe4 Rb2 30. Rcd1 Qc3 31. Rb1 g5 32. Kh1 Ne2 33. Rxb2 Qxb2 34.
Kh2 Qd2 35. Bf3 Nxf3+ 0-1

[Event "34th National Chess Championship-2008"]
[Site "?"]
[Date "2008.05.04"]
[Round "13"]
[White "Rahman Ziaur"]
[Black "Mohammad Javed"]
[Result "1-0"]
[WhiteElo "2511"]
[BlackElo "2302"]
[PlyCount "59"]
[EventDate "2008.04.21"]
[SourceDate "2008.05.04"]

1. Nf3 Nf6 2. c4 e6 3. g3 d5 4. d4 Be7 5. Bg2 O-O 6. O-O dxc4 7. Qc2 a6 8. Qxc4
b5 9. Qc2 Bb7 10. Bd2 Ra7 11. Rc1 Be4 12. Qb3 Bd5 13. Qe3 Ng4 14. Qf4 f5 15.
Nc3 g5 16. Nxg5 Bd6 17. Bxd5 Bxf4 18. Nxe6 Qxd5 19. Nxd5 Bxd2 20. Rc2 c6 21.
Nxf8 Kxf8 22. h3 Nh6 23. a4 b4 24. Nb6 Bg5 25. d5 Bd8 26. a5 Nf7 27. Rd1 cxd5
28. Rxd5 Bxb6 29. axb6 Rb7 30. Rc7 1-0

[Event "34th National Chess Championship-2008"]
[Site "?"]
[Date "2008.05.04"]
[Round "13"]
[White "Abdullah Al Rakib"]
[Black "Hossain Monir"]
[Result "1/2-1/2"]
[WhiteElo "2514"]
[BlackElo "2196"]
[PlyCount "68"]
[EventDate "2008.04.21"]
[SourceDate "2008.05.04"]

1. d4 Nf6 2. Bg5 Ne4 3. h4 c5 4. d5 h6 5. Bf4 Qb6 6. Nd2 Qxb2 7. Nxe4 Qb4+ 8.
Qd2 Qxe4 9. f3 Qd4 10. Qxd4 cxd4 11. Rd1 e6 12. Rxd4 exd5 13. Rxd5 Bb4+ 14. Bd2
Bxd2+ 15. Kxd2 Nc6 16. Nh3 Ke7 17. Nf4 d6 18. Rb5 b6 19. Nd5+ Kd8 20. h5 Ba6
21. Rb1 Bc4 22. Nc3 Na5 23. Rh4 Rc8 24. Rb4 Re8 25. Rd4 Re5 26. g4 Ke7 27. Bh3
Be6 28. Rd3 Nc4+ 29. Kc1 Ra5 30. f4 f6 31. a4 a6 32. e4 Rac5 33. Ne2 Bd7 34.
Nc3 Be6 1/2-1/2

[Event "34th National Chess Championship-2008"]
[Site "?"]
[Date "2008.05.04"]
[Round "13"]
[White "Ahmed Sk. Nasir"]
[Black "Chatterjee Debaraj"]
[Result "1/2-1/2"]
[WhiteElo "2315"]
[BlackElo "2236"]
[PlyCount "84"]
[EventDate "2008.04.21"]
[SourceDate "2008.05.04"]

1. e4 c5 2. Nf3 d6 3. d4 cxd4 4. Nxd4 Nf6 5. Nc3 a6 6. g3 e5 7. Nb3 Nbd7 8. a4
b6 9. Bg2 Bb7 10. O-O Be7 11. Re1 Rc8 12. Nd2 Rc5 13. Nf1 Qa8 14. Bg5 h6 15.
Bxf6 Nxf6 16. Qd3 O-O 17. Ne3 Rfc8 18. Rad1 g6 19. Ncd5 Nxd5 20. exd5 Bg5 21.
c3 h5 22. h4 Bh6 23. g4 hxg4 24. h5 Bxe3 25. Qxe3 Rf8 26. hxg6 fxg6 27. Be4 Rf4
28. Qd3 Qf8 29. Rd2 Rc7 30. Qe3 Qh6 31. Qxb6 Rh7 32. Qd8+ Rf8 33. Qxd6 Qxd2 34.
Qxg6+ Rg7 35. Qd6 Kh8 36. Rf1 Qg5 37. Kg2 Rgf7 38. Rh1+ Kg7 39. Rh7+ Kg8 40.
Rh6 Qf4 41. Rg6+ Kh8 42. Rh6+ Kg8 1/2-1/2

[Event "Mercantile Bank 33rd ch-BAN"]
[Site "Dhaka BAN"]
[Date "2007.04.02"]
[Round "1"]
[White "Abu Sufian,S"]
[Black "Ahmed,SN"]
[Result "1-0"]
[WhiteElo "2356"]
[BlackElo "2324"]
[EventDate "2007.04.02"]

1. e4 e5 2. Nf3 Nc6 3. Bb5 a6 4. Ba4 Nf6 5. O-O Be7 6. Re1 b5 7. Bb3 d6 8.
c3 O-O 9. h3 Na5 10. Bc2 c5 11. d4 Qc7 12. Nbd2 cxd4 13. cxd4 Nc6 14. Nb3
a5 15. Be3 a4 16. Nbd2 Bd7 17. Rc1 Qb7 18. Qe2 Rfe8 19. dxe5 Nxe5 20. Nxe5
dxe5 21. Bd3 Bc6 22. Rxc6 Qxc6 23. Bxb5 Qc2 24. Bxe8 Rxe8 25. Qb5 Rd8 26.
Nf3 Nxe4 27. Nxe5 Bf6 28. Qc4 Qxc4 29. Nxc4 Ng5 30. Nb6 a3 31. bxa3 Ne6 32.
a4 h6 33. Rc1 Rd3 34. Rc8+ Kh7 35. Nc4 Rd1+ 36. Kh2 Ra1 37. a3 Be7 38. a5
Bxa3 39. a6 Bc5 40. Bxc5 1-0

[Event "Mercantile Bank 33rd ch-BAN"]
[Site "Dhaka BAN"]
[Date "2007.04.02"]
[Round "1"]
[White "Mohammad,J"]
[Black "Islam,Kh"]
[Result "0-1"]
[WhiteElo "2267"]
[BlackElo "2315"]
[EventDate "2007.04.02"]

1. e4 e5 2. Nf3 Nc6 3. Bb5 a6 4. Ba4 Nf6 5. O-O b5 6. Bb3 Bc5 7. c3 d6 8.
a4 Rb8 9. d4 Bb6 10. axb5 axb5 11. Na3 O-O 12. Nxb5 Bg4 13. d5 Ne7 14. Bc2
Qe8 15. c4 Nxe4 16. Bxe4 f5 17. Bd3 e4 18. Be2 exf3 19. Bxf3 Ng6 20. Nd4
Bxd4 21. Bxg4 Bxb2 22. Bxb2 Rxb2 23. Bh5 Qe4 24. Bxg6 hxg6 25. Ra4 Qc2 26.
Ra7 Qxc4 27. Qe1 Rfb8 28. Qe6+ Kh7 29. Ra3 R2b3 30. Rxb3 Rxb3 31. Rd1 Rd3
32. Qe2 Rxd5 33. Qe1 Re5 34. Qd2 Qe2 35. Qc1 Rc5 36. Qb1 Rc2 37. Rf1 Rd2
38. h3 c5 39. Qb3 Qd3 40. Qf7 Rd1 41. Rxd1 Qxd1+ 42. Kh2 Qd4 43. Qa2 c4 44.
Qa4 d5 45. Kg1 Qd2 46. g4 fxg4 47. hxg4 0-1

[Event "Mercantile Bank 33rd ch-BAN"]
[Site "Dhaka BAN"]
[Date "2007.04.02"]
[Round "1"]
[White "Rahman,Tai"]
[Black "Minhazuddin,A"]
[Result "1/2-1/2"]
[WhiteElo "2269"]
[BlackElo "2225"]
[EventDate "2007.04.02"]

1. d4 d5 2. c4 c6 3. Nf3 Nf6 4. Nc3 g6 5. Bf4 Bg7 6. e3 O-O 7. h3 h6 8. c5
Nfd7 9. Rc1 f6 10. Be2 e5 11. Bg3 Re8 12. O-O Nf8 13. e4 exd4 14. Nxd4 Nbd7
15. exd5 f5 16. Bd6 Qh4 17. f4 b6 18. b4 Re3 19. dxc6 Rxh3 20. gxh3 Qg3+
21. Kh1 1/2-1/2

[Event "Mercantile Bank 33rd ch-BAN"]
[Site "Dhaka BAN"]
[Date "2007.04.02"]
[Round "1"]
[White "Murshed,N"]
[Black "Rahman,Zia"]
[Result "1/2-1/2"]
[WhiteElo "2448"]
[BlackElo "2543"]
[EventDate "2007.04.02"]

1. d4 e6 2. Nf3 c5 3. g3 d5 4. Bg2 Nc6 5. O-O Bd7 6. c4 dxc4 7. Na3 cxd4 8.
Nxc4 Bc5 9. Bf4 Nge7 10. Bd6 Bb6 11. Ba3 O-O 12. Nxb6 Qxb6 13. Bxe7 Nxe7
14. Qxd4 Qxd4 15. Nxd4 e5 16. Nb3 1/2-1/2

[Event "Mercantile Bank 33rd ch-BAN"]
[Site "Dhaka BAN"]
[Date "2007.04.02"]
[Round "1"]
[White "Reefat,S"]
[Black "Abdul,Mal"]
[Result "1-0"]
[WhiteElo "2479"]
[BlackElo "2255"]
[EventDate "2007.04.02"]

1. e4 d5 2. exd5 Qxd5 3. Nc3 Qa5 4. d4 Nf6 5. Nf3 c6 6. Bc4 b5 7. Bb3 e6 8.
O-O Bd6 9. Re1 O-O 10. Ne5 Qc7 11. Bf4 Nbd7 12. Bg3 a6 13. a4 b4 14. Ne4
Nxe4 15. Rxe4 Nf6 16. Re1 Bb7 17. Qe2 c5 18. dxc5 Qxc5 19. Nd3 Qc6 20. f3
Bxg3 21. hxg3 Rfd8 22. a5 Qd6 23. Ra4 Bc6 24. Rxb4 Bb5 25. c4 Nd5 26. Rxb5
axb5 27. cxd5 Rxa5 28. dxe6 fxe6 29. Bxe6+ Kh8 30. Bb3 Raa8 31. Ne5 Qb6+
32. Qf2 Qxf2+ 33. Kxf2 Rd2+ 34. Ke3 Rxb2 35. Ng6+ 1-0

[Event "Mercantile Bank 33rd ch-BAN"]
[Site "Dhaka BAN"]
[Date "2007.04.02"]
[Round "1"]
[White "Rahman,SM"]
[Black "Mohammad,Ali"]
[Result "1-0"]
[WhiteElo "2247"]
[BlackElo "2200"]
[EventDate "2007.04.02"]

1. e4 c5 2. Nf3 d6 3. d4 cxd4 4. Nxd4 Nf6 5. Nc3 a6 6. f3 Qb6 7. Nb3 e5 8.
Qd3 Be6 9. g4 Nbd7 10. g5 Nh5 11. Be3 Qc7 12. Nd5 Bxd5 13. exd5 Be7 14.
O-O-O O-O 15. Bh3 g6 16. Rhg1 a5 17. Qb5 Rfe8 18. c3 Red8 19. a4 Nc5 20.
Nxc5 dxc5 21. Qc4 Bd6 22. Bg4 e4 23. Bxh5 gxh5 24. fxe4 Bf4 25. Bxf4 Qxf4+
26. Kb1 Re8 27. Rge1 Rad8 28. Qxc5 Rxe4 29. Qxa5 Qf5 30. Ka2 Rd7 31. Rxe4
Qxe4 32. Qb5 Rd6 33. Rd4 Qe5 34. h4 b6 35. Qd3 h6 36. gxh6 f5 37. Qd2 1-0

[Event "Mercantile Bank 33rd ch-BAN"]

[Site "Dhaka BAN"]
[Date "2007.04.02"]
[Round "1"]
[White "Hossain,Enam"]
[Black "Abdulla,AlR"]
[Result "1-0"]
[WhiteElo "2495"]
[BlackElo "2518"]
[EventDate "2007.04.02"]

1. e4 e5 2. Nf3 Nc6 3. Bb5 a6 4. Ba4 Nf6 5. O-O Be7 6. Re1 b5 7. Bb3 d6 8.
c3 O-O 9. h3 Na5 10. Bc2 c5 11. d4 Qc7 12. Nbd2 cxd4 13. cxd4 Nc6 14. Nb3
a5 15. Be3 a4 16. Nbd2 Nb4 17. Bb1 Bd7 18. a3 Nc6 19. Qe2 Qb7 20. Bd3 exd4
21. Nxd4 Nxd4 22. Bxd4 Rfe8 23. Bc3 h6 24. Rad1 Rac8 25. Nf3 Rc5 26. Bb1
Be6 27. Bb4 Bc4 28. Qe3 Nd7 29. Bxc5 Nxc5 30. e5 dxe5 31. Nxe5 Bb3 32. Rc1
Qd5 33. Nc6 Bf8 34. Qxe8 1-0

[Event "Mercantile Bank 33rd ch-BAN"]
[Site "Dhaka BAN"]
[Date "2007.04.03"]
[Round "2"]
[White "Ahmed,SN"]
[Black "Abdulla,AlR"]
[Result "0-1"]
[WhiteElo "2324"]
[BlackElo "2518"]
[EventDate "2007.04.02"]

1. e4 c6 2. d4 d5 3. exd5 cxd5 4. c4 Nf6 5. Nc3 g6 6. Bg5 Ne4 7. Nxe4 dxe4
8. Qd2 Bg7 9. O-O-O O-O 10. f3 Nc6 11. d5 Ne5 12. fxe4 Bg4 13. Re1 Rc8 14.
Kb1 Nxc4 15. Bxc4 Rxc4 16. h3 Rd4 17. Qc2 Qa5 18. Nf3 Rc8 19. Nxd4 Rxc2 20.
Nxc2 Qb5 21. Bc1 Be2 22. g3 Bd3 23. Rh2 a5 24. Rd2 a4 25. Re3 Bxb2 26.
Rdxd3 Bc3+ 27. Nb4 Bxb4 28. Ka1 Bc5 29. Rf3 Qc4 30. Bb2 a3 31. Bc3 Qxe4 32.
Kb1 Qe2 33. h4 h5 34. d6 Bxd6 35. Rfe3 Qf1+ 36. Kc2 f6 37. Rf3 Qe2+ 38. Kb3
Qe6+ 0-1

[Event "Mercantile Bank 33rd ch-BAN"]
[Site "Dhaka BAN"]
[Date "2007.04.03"]
[Round "2"]
[White "Mohammad,Ali"]
[Black "Hossain,Enam"]
[Result "0-1"]
[WhiteElo "2200"]
[BlackElo "2495"]
[EventDate "2007.04.02"]

1. e4 c5 2. Nf3 e6 3. d4 cxd4 4. Nxd4 a6 5. Nc3 Qc7 6. Bd3 Nc6 7. Nxc6 dxc6
8. O-O Nf6 9. Qe2 e5 10. f4 Bc5+ 11. Kh1 Bd4 12. Be3 Bxe3 13. Qxe3 exf4 14.
Rxf4 Be6 15. Raf1 Qe5 16. Qb6 Rb8 17. Ne2 Nd7 18. Qd4 c5 19. Qxe5 Nxe5 20.
Nc3 Rd8 21. Rd1 Ke7 22. Kg1 Rd4 23. Rff1 b5 24. a3 Nxd3 25. Rxd3 Bc4 26.
Rxd4 cxd4 27. Nd5+ Bxd5 28. exd5 Rc8 29. Rf2 Kd6 30. Kf1 f6 31. Re2 Kxd5
32. Re7 Rxc2 33. Rxg7 h5 34. Ra7 d3 35. Ke1 Rxg2 36. Rxa6 f5 37. Rf6 Ke4
38. h4 Rxb2 39. Rh6 Ra2 0-1